000 00706nam a22001937a 4500
005 20240403115920.0
010 _aENG-140029
020 _a9789378313738
_c750.00
035 _aEN-123561
037 _bDBAD
082 _a338.1
100 _aFaizi Amir Afaque Ahmad
_d2015
_964264
245 _aContract Farming; Protecting Interests Of Small And Marginal Farmers In India/
_cBy Amir Afaque Ahmad Faizi And Tamanna Maqbool Shah
260 _aNew Delhi
_bCentre For Rural Studies
_c2015
270 _aB-7 Saraswati Complerx ,Subhash Chowk, Laxmi Nagar
_bNew Delhi
_e110092
300 _a230pg;
_c22cm(Pb)
700 _aShah,Tamanna Maqbool
_964265
942 _2ddc
_cEN
_h338.1
_mFAX
999 _c201916
_d201916